| 000 | 00574nam a22002057a 4500 | ||
|---|---|---|---|
| 999 |
_c7557 _d7557 |
||
| 003 | OSt | ||
| 005 | 20211201121534.0 | ||
| 008 | 211201b ||||| |||| 00| 0 eng d | ||
| 020 | _a9781259252778, 1259252779 | ||
| 040 | _cDDC | ||
| 082 | _a657.45 WHI 2016 | ||
| 100 |
_aWhittington, O.Ray; Pany, Kurt _915467 |
||
| 245 | _aPrinciples of Auditing and Assurance Services. | ||
| 250 | _a20th ed. | ||
| 260 |
_aNew York: _bMcGraw-Hill Education _c2016, |
||
| 300 |
_axxxi,845p.: _bill; _c28cm. |
||
| 504 | _aIncludes Index. | ||
| 650 |
_aAuditing. _97397 |
||
| 942 |
_2ddc _cBOOK |
||